| 000 -LEADER |
| fixed length control field |
01133nam a22001457a 4500 |
| 008 - FIXED-LENGTH DATA ELEMENTS--GENERAL INFORMATION |
| fixed length control field |
211218b ||||| |||| 00| 0 eng d |
| 100 ## - MAIN ENTRY--PERSONAL NAME |
| Personal name |
Emran,, M. Shahe et al |
| 245 ## - TITLE STATEMENT |
| Title |
Credit rationing and pass-through in supply chains: Theory and evidence from Bangladesh |
| 260 ## - PUBLICATION, DISTRIBUTION, ETC. (IMPRINT) |
| Place of publication, distribution, etc |
American Economic Journal: Applied Economics |
| 300 ## - PHYSICAL DESCRIPTION |
| Extent |
13(3), Jul, 2021: p.202-236 |
| 520 ## - SUMMARY, ETC. |
| Summary, etc |
Traders are often blamed for high prices, prompting government regulation. We study the effects of a government ban of a layer of financing intermediaries in edible oil supply chain in Bangladesh during 2011–2012. Contrary to the predictions of a standard model of an oligopolistic supply chain, the ban caused downstream wholesale and retail prices to rise, and pass-through of the changes in imported crude oil price to fall. These results can be explained by an extension of the standard model to incorporate trade credit frictions, where intermediaries expand credit access of downstream traders. – Reproduced |
| 773 ## - HOST ITEM ENTRY |
| Main entry heading |
American Economic Journal: Applied Economics |
| 906 ## - LOCAL DATA ELEMENT F, LDF (RLIN) |
| Subject DIP |
BANGLADESH - ECONOMIC CONDITIONS |
| 942 ## - ADDED ENTRY ELEMENTS (KOHA) |
| Item type |
Articles |